Αν ήμουν Αη Βασίλης

Αποθηκεύτηκε σε:
Λεπτομέρειες βιβλιογραφικής εγγραφής
Κύριος συγγραφέας: Κριεζή, Μαριανίνα
Άλλοι συγγραφείς: Turk, Hanne (Εικονογράφος)
Μορφή: Βιβλίο
Γλώσσα:Greek
Δημοσίευση: Αθήνα : Άμμος, c1994.
Θέματα:
Ετικέτες: Προσθήκη ετικέτας
Δεν υπάρχουν, Καταχωρήστε ετικέτα πρώτοι!

MARC

LEADER 00000cam a2200000 i 4500
001 1/16934
008 111201s1994 gr | || |||| | gre||
020 |a 9789602021187 
035 |l 10111533 
040 |a GR-MY-UA  |b gre  |e aacr 
041 0 |a gre 
082 7 |a 808.0683   |2 (22) 
100 1 |a Κριεζή, Μαριανίνα. 
245 1 0 |a Αν ήμουν Αη Βασίλης /   |c στιχάκια Μαριάννα Κριεζή ; εικονογράφηση: Hanne Turk. 
260 |a Αθήνα :   |b Άμμος,   |c c1994. 
300 |a [25 σ.] ;   |b εικ. ;   |c 29 εκ. 
650 0 0 |a Children's literature. 
655 7 |a Fairy tales  |2 lcgft 
700 1 |a Turk, Hanne,  |e ill 
852 |a INST  |b RHODES  |e 20111201  |h 808.0683 ΚΡΙ  |p 005400033856  |q 005400033856  |t BK  |y 0 
901 |a BIBL4-2011-3 
909 |a Ρ  |b 170489 
920 |a ΕΡΓΑΣΤΗΡΙΟ ΠΑΙΔΙΚΟΥ ΒΙΒΛΙΟΥ, ΛΟΓΟΥ ΚΑΙ ΘΕΑΤΡΙΚΟΥ ΠΑΙΧΝΙΔΙΟΥ  |b ΤΜΗΜΑ ΕΠΙΣΤΗΜΩΝ ΤΗΣ ΠΡΟΣΧΟΛΙΚΗΣ ΑΓΩΓΗΣ ΚΑΙ ΤΟΥ ΕΚΠΑΙΔΕΥΤΙΚΟΥ ΣΧΕΔΙΑΣΜΟΥ  |y Ρόδος  |z 2011-11 
922 |a 4ΕΛΗ 
970 |z 2011/12/01